000 00723nam a2200253Ia 4500
003 OSt
005 20221007110703.0
006 a|||||r|||| 00| 0
007 ta
008 221006b |||||||| |||| 00| 0 eng d
024 _a21,634
037 _cTextual
040 _aLCO
_cLCO
_beng
041 _2eng
_aeng
082 _aX8(A):(Z8)y7, L3
100 _aGlasbeek H.J.
_9692675
245 0 _aCases and Materials on Industrial Law in Australia
260 _aSydney
_bButterworths Pty Limited Australia
_c1973
300 _a590
650 _aINDUSTRIAL LAW
700 _a Eggleston E.M.
_9707775
942 _hX8(A):(Z8)y7, L3
_cTEXL
999 _c1191197
_d1191197